000
00297nam a22001337a 4500
008
180308b xxu||||| |||| 00| 0 eng d
020
_a
07sr23877300
041
_a
eng
080
_a
004
100
_a
30
101
_a
SHK
245
_a
APACHE SERVER FOR DUMMIES
_c
KEN.A.L.C
942
_2
udc
_c
BK
999
_c
44385
_d
44385